| 000 | 00791nam a22002057a 4500 | ||
|---|---|---|---|
| 005 | 20250404152700.0 | ||
| 010 | _aENG-144493 | ||
| 020 |
_c250.0 _a9788196085087 |
||
| 035 | _aEN-1280025 | ||
| 037 | _bDBAD | ||
| 082 | _a338.642082091324 | ||
| 100 |
_aDutta, Nipasa _980338 |
||
| 245 |
_aForests and Fields of Imagined Futures/ _cNipasa Dutta [and] Dejna Daaulagupu |
||
| 260 |
_aGuwahati _bNorth Eastern Social Research Centre _c2024 |
||
| 270 |
_aNorth Eastern Social Research Centre Jagriti 2nd Floor, Arunodoi Path, GMCH Road, Christian Basti _bGuwahati _e781005 |
||
| 300 |
_a204p. _c22cm(pb) |
||
| 500 | _aIndigenous Women and Conservation Practices in Northern India | ||
| 700 |
_aDaaulagupu, Dejna _eAuthor _980339 |
||
| 942 |
_2ddc _cEN _mDUT _h338.642082091324 |
||
| 999 |
_c210831 _d210831 |
||